Statistics for Top 10 NBA shooting guards

Click here to take the quiz!

General Stats

  • This quiz has been taken 12 times
  • The average score is 5 of 10

Answer Stats

TopAnswer% Correct
2Kobe Bryant
100%
1Michael Jordan
100%
4Dwyane Wade
78%
3Jerry West
56%
7Ray Allen
56%
9Reggie Miller
56%
6Clyde Drexler
44%
10Vince Carter
22%
5Allen Iverson
11%
8Sam Jones
0%

Score Distribution

Percentile by Number Answered

Percent of People with Each Score

Your Score History

You have not taken this quiz